CRACKING THE SAT PREMIUM 2019 \ (Record no. 530100)

000 -LEADER
fixed length control field 00343nam a22001457a 4500
020 ## - INTERNATIONAL STANDARD BOOK NUMBER
International Standard Book Number 9781524757854
027 ## - STANDARD TECHNICAL REPORT NUMBER
Qualifying information PB
040 ## - CATALOGING SOURCE
Transcribing agency NUST
082 ## - DEWEY DECIMAL CLASSIFICATION NUMBER
Classification number 378.1662
Author Mark SAT
100 ## - MAIN ENTRY--PERSONAL NAME
Personal name SAT PREMIUM /
9 (RLIN) 23450
245 ## - TITLE STATEMENT
Title CRACKING THE SAT PREMIUM 2019 \
260 ## - PUBLICATION, DISTRIBUTION, ETC.
Name of publisher, distributor, etc. PENGUIN RANDOM HOUSE,
Date of publication, distribution, etc. 2019.
300 ## - PHYSICAL DESCRIPTION
Extent 794 p. ;
Dimensions 28cm.
942 ## - ADDED ENTRY ELEMENTS (KOHA)
Source of classification or shelving scheme
Koha item type Book
Holdings
Withdrawn status Lost status Source of classification or shelving scheme Damaged status Not for loan Permanent Location Current Location Shelving location Date acquired Full call number Barcode Date last seen Price effective from Koha item type Public note
          School of Mechanical & Manufacturing Engineering (SMME) School of Mechanical & Manufacturing Engineering (SMME) General Stacks 10/10/2019 378.1662 SAT SMME-3516 10/10/2019 10/10/2019 Book Rack,48-Shelf,1
© 2023 Central Library, National University of Sciences and Technology. All Rights Reserved.